Cuatro tesis filosóficas /

में बचाया:
ग्रंथसूची विवरण
मुख्य लेखक: Mao Tse-tung (autor)
स्वरूप: पुस्तक
भाषा:स्पेनिश
प्रकाशित: Beijing, China : Ediciones en Lenguas Extranjeras, 1966
विषय:
टैग: टैग जोड़ें
कोई टैग नहीं, इस रिकॉर्ड को टैग करने वाले पहले व्यक्ति बनें!

MARC

LEADER 00000nam^a2200000^a^4500
001 000263275
005 20250521000000.0
009 20260310110609.596
037 |a Acervo Xavier Clavigero 
041 |a ESP 
082 |a 320. 95105  |b MAO LEN V. 25 
100 |a Mao Tse-tung  |e (autor) 
240 1 1 |a [Tesis filosóficas] 
240 1 1 |a [Cuatro tesis filosóficas] 
240 1 1 |a [Cinco tesis filosóficas] 
245 1 0 |a Cuatro tesis filosóficas /  |c Mao Tse-tung. 
264 1 |a Beijing, China :  |b Ediciones en Lenguas Extranjeras,  |c 1966 
300 |a 150 p. 
336 |a texto  |b txt  |2 rdacontenido 
337 |a sin mediación  |b n  |2 rdamedio 
338 |a volumen  |b nc  |2 rdasoporte 
649 |a XX 
650 |a Filosofía de la Praxis 
650 |a Materialismo Histórico y Dialéctico 
650 |a Ideología 
650 |a Maoísmo -  |x Tema Principal 
650 |a Filosofía Política 
650 |a Comunismo -  |z China -  |x Historia -  |y Período de la República Popular, 1949 en Adelante 
650 |a Política -  |z China -  |x Historia -  |y Período de la República Popular, 1949 en Adelante 
910 |a Fondo General 
920 |a Impresos - Libros 
930 |a Colección General 
905 |a 101 
901 |a 029336  |b IT1  |c ACC  |u 20250521 
902 |a https://opac.biblio.iteso.mx/vufind/Record/000263275